000 00505nmm a2200169Ia 4500
008 251105s9999||||xx |||||||||||||||||und||
020 _a9788486547028
041 _aspa
100 _aConquistador Anónimo
245 0 _aRelación de la Nueva España
264 _a[Madrid, España] :
_bEdiciones Polifemo,
_c1986
300 _a185 páginas
490 _aEspejo navegante
650 _aHistory of the Americas: Latin America
856 _uhttps://public.digitaliapublishing.com/a/18943
942 _cCF
999 _c86943
_d86943